000 00421nam a2200169Ia 4500
003 OSt
005 20230524133224.0
008 210423s1996 xx 000 0 und d
040 _cAL
041 _aeng
082 _a238
_223
_bLEOO
245 _aChristianity and social progress.
260 _aBoston
_bDaughters of St. Paul
_c1996
365 _cINR
906 _aChristianity ; progress. ; social
942 _2ddc
_cBK
999 _c172803
_d172803